000 00293nam a22001337a 4500
008 170809b xxu||||| |||| 00| 0 eng d
020 _a9780130208408
041 _aeng
080 _a004
100 _a35
101 _aSHKI
245 _aUSING SPSS FOR WINDOWS
_cGREEN, S.B
942 _2udc
_cBK
999 _c22957
_d22957